[Event "If a Pawn Meets a Pawn"]
[Site "http://www.queenalice.com/game.php?id=1213053"]
[Date "2013.8.30"]
[Round "-"]
[White "JHunter"]
[Black "lgraham"]
[Result "0-1"]
[WhiteElo "1403"]
[BlackElo "1582"]

1. d4 d5 2. h3 Nc6 3. Nc3 e6 4. g4 Bb4 5. Qd2 Nf6 6. Nf3 O-O 7. a3 Ba5 8. Qd3 a6
9. Bf4 Ne7 10. Ne5 Ne4 11. b4 Bb6 12. Bg2 Nd6 13. O-O c6 14. Qd2 a5 15. Rfb1 f6
16. Nf3 Ng6 17. Bg3 Qe7 18. Qe3 Nc4 19. Qd3 Bd7 20. e4 Nd6 21. e5 fxe5 22. Nxe5
Nxe5 23. Bxe5 Nf7 24. Bf4 e5 0-1

[Event "Challenge"]
[Site "http://www.queenalice.com/game.php?id=1214260"]
[Date "2013.9.4"]
[Round "-"]
[White "JHunter"]
[Black "squarsh"]
[Result "0-1"]
[WhiteElo "1422"]
[BlackElo "1950"]

1. d4 d5 2. h3 Bf5 3. e3 Nf6 4. Bb5+ c6 5. Bd3 Bg6 6. Nc3 e6 7. a3 Nbd7 8. Nf3
Qc7 9. O-O O-O-O 10. Bxg6 hxg6 11. Re1 Bd6 12. Kf1 Kb8 13. Bd2 Nb6 0-1

[Event ";-)"]
[Site "http://www.queenalice.com/game.php?id=1238477"]
[Date "2013.12.8"]
[Round "-"]
[White "JHunter"]
[Black "lgraham"]
[Result "1-0"]
[WhiteElo "1419"]
[BlackElo "1574"]

1. d4 d5 2. h3 Nc6 3. c3 e5 4. Nf3 e4 5. Bg5 f6 6. Bf4 exf3 7. exf3 Bd6 8. Be3
Nge7 9. Bd3 Be6 10. O-O Qd7 11. Re1 O-O-O 12. Na3 Bxa3 13. bxa3 b6 14. Rb1 Qd6
15. Qc1 Nb8 16. c4 c6 17. c5 Qc7 18. Bf4 Qb7 19. Rxe6 f5 20. Qe1 Nd7 21. Rxe7 g6
22. Qe2 b5 23. a4 Qa6 24. axb5 Qb7 25. b6 axb6 26. Ba6 Qxa6 27. Qxa6# 1-0

[Event "If a Pawn Meets a Pawn"]
[Site "http://www.queenalice.com/game.php?id=1245465"]
[Date "2014.1.4"]
[Round "-"]
[White "lgraham"]
[Black "JHunter"]
[Result "0-1"]
[WhiteElo "1568"]
[BlackElo "1441"]

1. e4 e5 2. Qh5 Qe7 3. d3 Nf6 4. Qh3 Nc6 5. Bd2 d6 6. Qf3 h6 7. Qd1 Bd7 8. c3
O-O-O 9. Na3 d5 10. exd5 Nxd5 11. Be2 Bf5 12. Qb3 Qe6 13. c4 Nd4 14. Qa4 Bxa3
15. bxa3 Nf4 16. O-O-O Nxd3+ 17. Bxd3 Bxd3 18. Re1 Bxc4 19. Qxa7 Bxa2 20. Qa4
Nb3+ 21. Kd1 Rxd2# 0-1

[Event "Let's try this again"]
[Site "http://www.queenalice.com/game.php?id=1245579"]
[Date "2014.1.5"]
[Round "-"]
[White "JHunter"]
[Black "squarsh"]
[Result "0-1"]
[WhiteElo "1462"]
[BlackElo "1930"]

1. d4 d5 2. h3 Bf5 3. Nc3 Nf6 4. Nf3 c5 5. Bf4 e6 6. g4 Bg6 7. e3 Bd6 8. Bb5+
Nc6 9. Bxc6+ bxc6 10. Qe2 Qc7 11. O-O-O Bxf4 12. exf4 Qxf4+ 13. Qe3 Qxe3+ 14.
fxe3 cxd4 15. Nxd4 c5 16. Nc6 O-O 17. Ne5 Rfb8 18. Nxg6 hxg6 19. Rhe1 Nd7 20. e4
d4 21. Ne2 Ne5 22. Nf4 Nc4 23. b3 Ne3 24. Rd2 a5 25. c3 a4 26. Rb2 dxc3 27. Rbe2
axb3 28. Rxe3 bxa2 29. Kc2 a1=Q 30. Rxa1 Rxa1 31. Rxc3 Ra2+ 32. Kd3 g5 33. Ne2
Rd8+ 34. Ke3 Rdd2 35. Nc1 Rac2 36. Rxc2 Rxc2 37. Ne2 c4 38. Kf2 Kf8 0-1

[Event "The Prophet Has Spoken"]
[Site "http://www.queenalice.com/game.php?id=1262190"]
[Date "2014.3.4"]
[Round "-"]
[White "lgraham"]
[Black "JHunter"]
[Result "1-0"]
[WhiteElo "1539"]
[BlackElo "1456"]

1. e4 e5 2. Nc3 a6 3. Nf3 Nc6 4. Bc4 Qe7 5. Nd5 Qd8 6. d3 Nf6 7. Be3 h6 8. O-O
d6 9. Nc3 Qe7 10. d4 Ng4 11. Nd5 Qd8 12. h3 Nxe3 13. Nxe3 Bd7 14. c3 Be7 15. Bd5
O-O 16. Qb3 Bg5 17. Qxb7 Ra7 18. Qb3 Bxe3 19. Bxf7+ 1-0

[Event "On Guard!"]
[Site "http://www.queenalice.com/game.php?id=1499599"]
[Date "2017.10.20"]
[Round "-"]
[White "lgraham"]
[Black "JHunter"]
[Result "0-1"]
[WhiteElo "1544"]
[BlackElo "1443"]

1. d4 e6 2. e4 d5 3. e5 Nc6 4. Be3 a6 5. Nf3 Be7 6. c3 f6 7. c4 Bb4+ 8. Bd2 f5
9. Bxb4 Nxb4 10. Qa4+ Nc6 11. c5 Bd7 12. Qd1 Qe7 13. Be2 O-O-O 14. O-O h5 15.
Qb3 h4 16. Qa4 Nxe5 17. Qb4 Nxf3+ 18. Bxf3 h3 19. Nc3 hxg2 20. Bxg2 Qh4 21. Rae1
Qxh2# 0-1

[Event "Heal Thyself"]
[Site "http://www.queenalice.com/game.php?id=1503353"]
[Date "2017.11.12"]
[Round "-"]
[White "JHunter"]
[Black "lgraham"]
[Result "1-0"]
[WhiteElo "1463"]
[BlackElo "1519"]

1. e4 d5 2. Nc3 d4 3. Nce2 e5 4. d3 Nf6 5. h3 Bc5 6. a3 Be6 7. Nf3 Nc6 8. Nd2
O-O 9. Nb3 Bxb3 10. cxb3 h6 11. g4 Nh7 12. Qc2 Qf6 13. Qxc5 Qf3 14. Ng3 Qf6 15.
Bd2 Ng5 16. Be2 Nf3+ 17. Bxf3 Qxf3 18. Qc2 Qf6 19. Nf5 Qe6 20. Rg1 g6 21. Nxh6+
Kg7 22. Nf5+ Kf6 23. g5# 1-0

[Event "Restless Knights"]
[Site "http://www.queenalice.com/game.php?id=1507148"]
[Date "2017.12.8"]
[Round "-"]
[White "lgraham"]
[Black "JHunter"]
[Result "1-0"]
[WhiteElo "1525"]
[BlackElo "1481"]

1. e4 e5 2. Bc4 c6 3. Nf3 d5 4. Nxe5 Qe7 5. Nf3 dxc4 6. Nc3 Bg4 7. h3 Bxf3 8.
Qxf3 Nd7 9. d3 Ngf6 10. dxc4 Nc5 11. O-O Nfxe4 12. Re1 Qe5 13. Nxe4 Be7 14. c3
Rd8 15. Bf4 Qe6 16. Nxc5 Qxc4 17. Nxb7 Rd3 18. Re3 Rxe3 19. Bxe3 O-O 20. Na5 1-0

[Event "The Spirit is Willing"]
[Site "http://www.queenalice.com/game.php?id=1513169"]
[Date "2018.1.24"]
[Round "-"]
[White "JHunter"]
[Black "lgraham"]
[Result "0-1"]
[WhiteElo "1467"]
[BlackElo "1533"]

1. e4 e5 2. Nf3 d6 3. Bc4 f5 4. Qe2 f4 5. h3 g5 6. d4 g4 7. hxg4 Ne7 8. Ng5 Qd7
9. Bf7+ Kd8 10. Ne6+ Qxe6 11. Bxe6 Bxe6 12. d5 Na6 13. dxe6 Nc5 14. f3 Bg7 15.
Nc3 Nxe6 16. Qf2 h6 17. a4 b6 18. b3 Nd4 19. a5 b5 20. a6 Rb8 21. Bb2 Rb6 22.
Nd5 Nxd5 23. exd5 b4 24. g5 Bf8 25. Bxd4 Rb5 26. Bxa7 Rxd5 27. Bb8 Rb5 0-1

[Event "Challenge"]
[Site "http://www.queenalice.com/game.php?id=1518164"]
[Date "2018.3.3"]
[Round "-"]
[White "colonelkurtz"]
[Black "JHunter"]
[Result "1-0"]
[WhiteElo "1500"]
[BlackElo "1454"]

1. c4 e5 2. Nc3 c6 3. e3 Nf6 4. d4 Bb4 5. g4 Bxc3+ 6. bxc3 Ne4 7. Nh3 Nxc3 8.
Qf3 b5 9. dxe5 O-O 10. Ng5 Qxg5 11. e4 Qxe5 12. Bb2 b4 13. Bd3 d5 14. cxd5 cxd5
15. O-O Nc6 16. exd5 Nd4 17. Qg2 Nxd5 18. Rfe1 Qf4 19. Bxd4 Qxd4 20. Be4 Bb7 21.
Rad1 Nf4 22. Qf3 Bxe4 23. Qxf4 1-0

[Event "Grasshopper Returns"]
[Site "http://www.queenalice.com/game.php?id=1537512"]
[Date "2018.8.3"]
[Round "-"]
[White "JHunter"]
[Black "lgraham"]
[Result "1-0"]
[WhiteElo "1440"]
[BlackElo "1561"]

1. d4 d5 2. Nf3 Nf6 3. Nc3 Bg4 4. e3 Nc6 5. h3 Bh5 6. a4 e6 7. a5 a6 8. g4 Bg6
9. Nh4 Bb4 10. Bd2 Bxa5 11. Nxg6 hxg6 12. Na4 Ne4 13. Bxa5 Nxa5 14. Nc5 Nxc5 15.
Rxa5 Ne4 16. Bg2 c6 17. Ra4 Qb6 18. Bxe4 dxe4 19. Qa1 O-O-O 20. Qa3 Rd5 21. Rb4
Qa5 22. Ke2 Rb5 23. c3 Qxa3 24. bxa3 Ra5 25. Rb3 b5 26. f3 g5 27. fxe4 f6 28.
Kf3 g6 29. Kg3 f5 30. gxf5 gxf5 31. exf5 exf5 32. Rh2 Rh4 33. Ra2 Kb7 34. Rd2
Kb6 35. d5 b4 36. dxc6 Kxc6 37. cxb4 Re5 38. Rc3+ Kb5 39. Rdc2 Ka4 40. Rf2 a5
41. bxa5 Kxa5 42. Rb2 Ree4 43. Rc8 Rxe3+ 44. Kf2 Re6 45. Rc5+ Ka6 46. Rxf5 Rxh3
47. Rb8 Rxa3 48. Ra8+ Kb7 49. Rxa3 g4 50. Rf7+ Kc6 51. Ra6+ Kd5 52. Ra5+ 1-0

[Event "Curly"]
[Site "http://www.queenalice.com/game.php?id=1548024"]
[Date "2018.11.3"]
[Round "-"]
[White "lgraham"]
[Black "JHunter"]
[Result "0-1"]
[WhiteElo "1540"]
[BlackElo "1461"]

1. e4 e5 2. Nf3 Nc6 3. Bb5 Nge7 4. d4 a6 5. Ba4 d5 6. Qd3 Qd6 7. c4 Qb4+ 8. Bd2
Qxb2 9. Qb3 Qxb3 10. Bxb3 dxc4 11. Bc2 exd4 12. Bf4 Nb4 13. Bd1 Nd3+ 14. Ke2
Nxf4+ 15. Kf1 Bd7 16. Nxd4 Neg6 17. Nd2 Ne5 18. g3 Bh3+ 19. Kg1 Nfd3 20. f4 Bc5
21. Be2 Bxd4# 0-1

[Event "Moe"]
[Site "http://www.queenalice.com/game.php?id=1553718"]
[Date "2018.12.22"]
[Round "-"]
[White "lgraham"]
[Black "JHunter"]
[Result "1-0"]
[WhiteElo "1502"]
[BlackElo "1480"]

1. e4 Nf6 2. e5 Ne4 3. d3 Nxf2 4. Kxf2 e6 5. d4 d5 6. Nf3 Bd7 7. Nc3 a6 8. a4
Be7 9. Bd3 Nc6 10. Bd2 h6 11. Ne2 h5 12. c4 h4 13. h3 g5 14. Qb3 g4 15. hxg4 Rg8
16. cxd5 exd5 17. Qxd5 Rxg4 18. Rac1 Be6 19. Qxd8+ 1-0

[Event "Hanging Chads"]
[Site "http://www.queenalice.com/game.php?id=1560040"]
[Date "2019.2.7"]
[Round "-"]
[White "JHunter"]
[Black "lgraham"]
[Result "1-0"]
[WhiteElo "1465"]
[BlackElo "1486"]

1. d4 d5 2. Nc3 Bf5 3. Nf3 c6 4. e3 f6 5. Qe2 Nd7 6. e4 Bg6 7. Nh4 e5 8. Be3 Bf7
9. O-O-O g5 10. Nf5 Ne7 11. Nd6# 1-0

[Event "Knight Rider Rides Again"]
[Site "http://www.queenalice.com/game.php?id=1587429"]
[Date "2019.10.20"]
[Round "-"]
[White "lgraham"]
[Black "JHunter"]
[Result "1-0"]
[WhiteElo "1509"]
[BlackElo "1482"]

1. e4 e5 2. d3 Nc6 3. Nf3 h6 4. d4 d6 5. d5 Nf6 6. Nc3 Na5 7. b4 c6 8. bxa5 Qxa5
9. Bd2 b5 10. dxc6 Qb6 11. Bxb5 Ng4 12. Qe2 a6 13. c7+ Bd7 14. Bxd7+ Kxd7 15.
Nd5 Qxf2+ 16. Qxf2 Nxf2 17. Kxf2 Ke6 18. Nb6 Re8 19. c8=Q+ Rxc8 20. Nxc8 1-0

[Event "By Hook or Rook"]
[Site "http://www.queenalice.com/game.php?id=1596933"]
[Date "2020.1.21"]
[Round "-"]
[White "JHunter"]
[Black "lgraham"]
[Result "0-1"]
[WhiteElo "1467"]
[BlackElo "1489"]

1. d4 d5 2. e4 dxe4 3. Be3 Nf6 4. Nc3 Bf5 5. Bc4 Nc6 6. Nge2 e6 7. Ng3 Bb4 8.
Qd2 h6 9. a3 Ba5 10. O-O Qe7 11. Nxf5 Qf8 12. Ng3 O-O-O 13. b4 Bb6 14. Rfb1 Ne7
15. Ngxe4 Ng4 16. Bf4 Rxd4 17. Qe2 Nxf2 18. Kxf2 Rd2+ 19. Be3 Rxe2+ 20. Kxe2
Bxe3 21. Kxe3 Nf5+ 22. Kf2 Qd8 23. Rd1 Qh4+ 24. Kg1 Ne3 25. g3 Qh3 26. Nf2 Qg2#
0-1